00366nam a22001337a 450000500170000000800410001704100120005808200120007010000130008224500350009526000470013030000290017765000260020620240726062804.0240726b |||||||| |||| 00| 0 eng d aEnglish a349 SOU lEnglish  aThe South African Law Reports  aCape Town: bJuta and Company Ltd, c1945  bxii, 853 pages; c25 cm. aLegal practice bLaw